Κατάλογος Βιβλιοθηκών Mediterranean College

Η Διατροφή στον Πόντο / Ιστορία - Εξέλιξη - Λαογραφία - Βασικές Αρχές (Record no. 2337)

MARC details
000 -LEADER
fixed length control field 01201cam a22002054a 4500
005 - ΗΜΕΡΟΜΗΝΙΑ ΚΑΙ ΩΡΑ ΤΕΛΕΥΤΑΙΑΣ ΕΝΗΜΕΡΩΣΗΣ
Πεδίο ελέγχου 20250605164038.0
008 - FIXED-LENGTH DATA ELEMENTS--GENERAL INFORMATION
Πεδίο ελέγχου σταθερού μήκους 250528s ||||||||||||||||||||||||d
035 ## - SYSTEM CONTROL NUMBER
System control number 16887
020 ## - ISBN
ISBN 9603434752
040 ## - ΠΗΓΗ ΚΑΤΑΛΟΓΟΓΡΑΦΗΣΗΣ
Φορέας πρωτότυπης καταλογογράφησης MC Athens Campus Library
Γλώσσα καταλογογράφησης Ελληνικά, Μοντέρνα (1453-)
Modifying agency MC Athens Campus Library
Κανόνες περιγραφικής καταλογογράφησης AACR2
245 1# - ΤΙΤΛΟΣ ΚΑΙ ΔΗΛΩΣΗ ΥΠΕΥΘΥΝΟΤΗΤΑΣ
Τίτλος Η Διατροφή στον Πόντο / Ιστορία - Εξέλιξη - Λαογραφία - Βασικές Αρχές
250 ## - EDITION STATEMENT
Edition statement
260 ## - PUBLICATION, DISTRIBUTION, ETC.
Name of publisher, distributor, etc. Αδελφών Κυριακίδη Α.Ε,
Date of publication, distribution, etc. 1999
300 ## - PHYSICAL DESCRIPTION
Extent 256
520 ## - SUMMARY, ETC.
Summary, etc. Πρόλογος, Εισαγωγή, Ιστορικά Στοιχεία, Φυσικά Στοιχεία, Χημική Σύσταση των Τροφίμων, Φυτικά Προϊόντα, Δημητριακά, Όσπρια, Λαχανικά, Αυτοφυή Λαχανικά, Στύπα, Φυτικά Λίπη - Έλαια, Φρούτα, Ξηροί Καρποί, Γλυκαντικές Ουσίες, Αφεψήματα, Ζωικά Τρόφιμα, Γαλακτοκομικά, Κρέατα, Ψάρια, Οργάνωση - Αρχές Ποντιακής Κουζίνας, Βιβλιογραφία.
700 1# - ΠΡΟΣΘΕΤΗ ΑΝΑΓΡΑΦΗ--ΦΥΣΙΚΟ ΠΡΟΣΩΠΟ
Personal name Σαββίδης Θωμάς
9 (RLIN) 2976
942 ## - ADDED ENTRY ELEMENTS (KOHA)
Koha item type Books
Holdings
Τύπος τεκμηρίου Βιβλιοθήκη Τρέχουσα τοποθεσία Barcode Αριθμός εισαγωγής Ημερομηνία απόκτησης Ταξιθετικό σύμβολο Αριθμός αντιτύπου Κατάσταση απόσυρσης Κατάσταση χαμένου Κατάσταση κατεστραμμένου Μη δανεισμός Σύνολο δανεισμών Ημερομηνία τελευταίας εμφάνισης Η τιμή ισχύει από
Books MC Athens Campus Library MC Athens Campus Library 9780000023360 5542 05/06/2025 641.3003933 SAV 1           05/06/2025 05/06/2025

MC Athens Campus Library
Πατησίων 94 & Κοδριγκτώνος 13, 104 34
Πελλήνης 8 & Πατησίων 107, 112 51
Τ: +30 210 8899600

MC Thessaloniki Campus Library
Ίωνος Δραγούμη 21, 54625 | Ίωνος Δραγούμη 15, 54625
Τ: +30 2310 287779 – Τ: +30 2314 440300